| 000 | 00748nam a22002772i 4500 | ||
|---|---|---|---|
| 999 |
_c7709 _d7709 |
||
| 001 | 7709 | ||
| 003 | UkOxU | ||
| 005 | 20180222140057.0 | ||
| 008 | 500101s1964 xxk j 000 0 eng d | ||
| 035 | _aOCLC ocm30224168 from D960120M | ||
| 040 |
_aUKM _cUKM _dEQO |
||
| 041 | _aeng | ||
| 082 |
_a823.91 _bCRI 1964 |
||
| 082 |
_218 _bCRI 1964 |
||
| 100 | 1 | _aCrisp, Frank. | |
| 245 | 1 | 4 |
_aThe rogues of Alwyn : _ba tale of adventure / _cCrisp, Frank. |
| 250 | _aAbridged ed | ||
| 260 |
_aCollins, _c1964 |
||
| 300 |
_a188 p. : _c19 cm |
||
| 490 | 1 | _aSeagull library | |
| 500 | _aOriginally published (B53-10647) as The weird archer. J. Lane., 1953 | ||
| 650 | _aEnglish story | ||
| 830 | 0 | _aSeagull library | |
| 942 |
_2ddc _cBK |
||